<?xml version="1.0" encoding="UTF-8"?>
<record
    xmlns:xsi="http://www.w3.org/2001/XMLSchema-instance"
    xsi:schemaLocation="http://www.loc.gov/MARC21/slim http://www.loc.gov/standards/marcxml/schema/MARC21slim.xsd"
    xmlns="http://www.loc.gov/MARC21/slim">

  <leader>02253nam a22003617a 4500</leader>
  <datafield tag="999" ind1=" " ind2=" ">
    <subfield code="c">21852</subfield>
    <subfield code="d">21852</subfield>
  </datafield>
  <controlfield tag="003">AR-CdUCM</controlfield>
  <controlfield tag="008">190425b           ||||| |||| 00| 0 spa d</controlfield>
  <datafield tag="040" ind1=" " ind2=" ">
    <subfield code="a">MUNICIPALIDAD PROVINCIAL DEL CUSCO</subfield>
    <subfield code="c">BIBLIOTECA MUNICIPAL DEL CUSCO</subfield>
  </datafield>
  <datafield tag="082" ind1=" " ind2=" ">
    <subfield code="a">Rev.Andi/N&#xB0;30/1997</subfield>
  </datafield>
  <datafield tag="110" ind1=" " ind2=" ">
    <subfield code="a">Centro Bartolom&#xE9; de Las Casas</subfield>
    <subfield code="9">3293</subfield>
  </datafield>
  <datafield tag="245" ind1=" " ind2=" ">
    <subfield code="a">Revista andina /</subfield>
    <subfield code="c">Centro de estudios rurales andinos Bartolom&#xE9; de Las Casas Cusco</subfield>
  </datafield>
  <datafield tag="260" ind1=" " ind2=" ">
    <subfield code="a">Cusco :</subfield>
    <subfield code="b">Centro Bartolom&#xE9; de Las Casas,</subfield>
    <subfield code="c">1997.</subfield>
  </datafield>
  <datafield tag="300" ind1=" " ind2=" ">
    <subfield code="a">383-551 p&#xE1;ginas. :</subfield>
    <subfield code="c">23 cm.</subfield>
  </datafield>
  <datafield tag="440" ind1=" " ind2=" ">
    <subfield code="a">Publicaci&#xF3;n Semestral del Centro Bartolom&#xE9; de Las Casas Cusco.</subfield>
    <subfield code="n">A&#xF1;o 15, N&#xFA;mero 30, N&#xB0;2, Segundo semestre 1997.</subfield>
    <subfield code="9">46454</subfield>
  </datafield>
  <datafield tag="505" ind1=" " ind2=" ">
    <subfield code="a">Contenido: Nutrici&#xF3;n infantil en los Andes nuevos enfoques en la medici&#xF3;n e interpretaci&#xF3;n del estado nutricional en la ni&#xF1;ez. Ulrike Eigner.-- Abastecimiento de energ&#xED;a nutricional en econom&#xED;as dom&#xE9;sticas agrarias de subsistencia valle de Charazani Bolivia. Joachim Ziche. -- Cultivos andinos y seguridad alimentaria qu&#xE9; pol&#xED;tica. Annette Salis. -- Herejes, marginales e infectos extranjeros y mentalidad excluyente en la sociedad colonial siglos XVI y XVII. Fernando Armas Asin. -- &#xBF;Estatuto fiscal contra identidad &#xE9;tnica? criterios de diferenciaci&#xF3;n social en el sur del Per&#xFA; 1569-1579. Carmen B. Loza. -- Oposiciones a parroquias y doctrinas. El cat&#xE1;logo de la secci&#xF3;n Concursos Archivo Arzobispal de Lima. Siglos XVII-XIX. Juan Carlos Garc&#xED;a. -- Barroco musical en los Andes Siglos XVI-XVII-XVIII. Henrique Urbano. -- Una visi&#xF3;n retrospectiva y cr&#xED;tica de las investigaciones etnomusicol&#xF3;gicas en Bolivia. Ramiro Guti&#xE9;rrez.</subfield>
  </datafield>
  <datafield tag="650" ind1=" " ind2=" ">
    <subfield code="a">Nutrici&#xF3;n </subfield>
    <subfield code="9">2384</subfield>
  </datafield>
  <datafield tag="650" ind1=" " ind2=" ">
    <subfield code="a">Cultivos andinos</subfield>
    <subfield code="9">21023</subfield>
  </datafield>
  <datafield tag="650" ind1=" " ind2=" ">
    <subfield code="a">Frontera agr&#xED;cola</subfield>
    <subfield code="9">46028</subfield>
  </datafield>
  <datafield tag="650" ind1=" " ind2=" ">
    <subfield code="a">Santa inquisici&#xF3;n </subfield>
    <subfield code="9">12902</subfield>
  </datafield>
  <datafield tag="650" ind1=" " ind2=" ">
    <subfield code="a">M&#xFA;sica barroca</subfield>
    <subfield code="9">44532</subfield>
  </datafield>
  <datafield tag="650" ind1=" " ind2=" ">
    <subfield code="a">Etnomusicolog&#xED;a</subfield>
    <subfield code="9">45772</subfield>
  </datafield>
  <datafield tag="700" ind1=" " ind2=" ">
    <subfield code="a">Eigner, Ulrike</subfield>
    <subfield code="9">46455</subfield>
  </datafield>
  <datafield tag="700" ind1=" " ind2=" ">
    <subfield code="a">Ziche, Joachim</subfield>
    <subfield code="9">46456</subfield>
  </datafield>
  <datafield tag="700" ind1=" " ind2=" ">
    <subfield code="a">Salis, Annette</subfield>
    <subfield code="9">46448</subfield>
  </datafield>
  <datafield tag="700" ind1=" " ind2=" ">
    <subfield code="a">Armas Asin, Fernando</subfield>
    <subfield code="9">12160</subfield>
  </datafield>
  <datafield tag="700" ind1=" " ind2=" ">
    <subfield code="a">Loza, Carmen</subfield>
    <subfield code="9">46457</subfield>
  </datafield>
  <datafield tag="700" ind1=" " ind2=" ">
    <subfield code="a">Garc&#xED;a, Juan Carlos</subfield>
    <subfield code="9">3209</subfield>
  </datafield>
  <datafield tag="700" ind1=" " ind2=" ">
    <subfield code="a">Urbano, Henrique</subfield>
    <subfield code="9">2078</subfield>
  </datafield>
  <datafield tag="700" ind1=" " ind2=" ">
    <subfield code="a">Guti&#xE9;rrez, Ramiro</subfield>
    <subfield code="9">46458</subfield>
  </datafield>
  <datafield tag="942" ind1=" " ind2=" ">
    <subfield code="2">ddc</subfield>
    <subfield code="c">PP</subfield>
  </datafield>
  <datafield tag="945" ind1=" " ind2=" ">
    <subfield code="a">rac</subfield>
  </datafield>
  <datafield tag="952" ind1=" " ind2=" ">
    <subfield code="0">0</subfield>
    <subfield code="2">ddc</subfield>
    <subfield code="4">0</subfield>
    <subfield code="7">0</subfield>
    <subfield code="a">HEM</subfield>
    <subfield code="b">HEM</subfield>
    <subfield code="c">CART</subfield>
    <subfield code="d">2021-08-26</subfield>
    <subfield code="g">10.00</subfield>
    <subfield code="o">Rev.Andi/N&#xB0;30/1997</subfield>
    <subfield code="p">REVC000328</subfield>
    <subfield code="r">2021-08-26</subfield>
    <subfield code="y">PP</subfield>
  </datafield>
</record>
